1169 1078 1178 1947 1743 1033 1762 1066 1649 1733 1961 1642 1514 1840 1167 1637 1434 1261 1154 1940 1698 1423 1391 1443 1929 1569 1863 1219 1770 1117 1727 1272 1471 1773 1742 1522 1685 1899 1435 1116 1517 1253 1896 1756 1530 1602 1629 1418 1408 1725 1903 1589 1192 1664 1830 1992 1464 1725 1717 1024 1354 1504 1500 1081 1112 1056 1053 1603 1132 1873 1045 1308 1109 1869 1513 1072 1519 1850 1499 1927 1737 1627 1629 1035 1495 1723 1773 1050 1063 1708 1812 1444 1358 1350 1224 1469 1260 1752 1326 BCNSPRNW ULIB Ver.6.0+V

เปลี่ยนเป็นภาษาไทย

Change to English
 แสดงรายละเอียดบรรณานุกรม
  กลับหน้าหลัก

Brief Record : Get Marc (ISO 2709) : E-mail record : QR code < ปิดหน้าต่าง
LEADER : 00000nam 2200000uu 4500
001    13399124489
003     ULIB
008    150804s2557||||th 000 0 tha d
020    ^a9786162754425
060 04 ^aWA292^bค127
100 0  ^aคณาทัต จันทร์ศิริ
245 10 ^aวินาทีชีวิต คู่มือปฐมพยาบาล =^bYour life in your hands /^cโดยคณาทัต จันทร์ศิริ
246 31 ^aYour life in your hands
260    ^aกรุงเทพฯ :^bPop Get Book,^c2557
300    ^a245 หน้า :^bภาพประกอบ ;^c21 ซม.
650  4 ^aปฐมพยาบาล
650  4 ^aผู้ป่วย
945    ^p220^l0^i23072
945    ^p220^l0^i23073
999    ^aทศพร เกษรทอง
รายการนี้ยังไม่มีแท็ก
คุณยังไม่ได้ล็อกอิน คุณสามารถมีกิจกรรมร่วมกับเว็บไซต์ได้ แต่ต้องล็อกอินก่อน ::
  ล็อกอิน

รายการสื่อสารสนเทศ

ลำดับที่ ประเภท เลขเรียก/บาร์โค้ด สถานที่ สถานะ
1. วิทยาศาสตร์การแพทย์ และสุขภาพ
วิทยาศาสตร์การแพทย์ และสุขภาพ
สถานะ=หนังสือเก่า
WA292 ค127 ฉ.1 
  Barcode: 23072
ห้องสมุดวิทยาเขตนครสวรรค์
►ส่วนจัดเก็บหนังสือเก่า นว.
บนชั้น
  ขอยืม
2. วิทยาศาสตร์การแพทย์ และสุขภาพ
วิทยาศาสตร์การแพทย์ และสุขภาพ
สถานะ=หนังสือเก่า
WA292 ค127 ฉ.2 
  Barcode: 23073
ห้องสมุดวิทยาเขตนครสวรรค์
►ส่วนจัดเก็บหนังสือเก่า นว.
บนชั้น
  ขอยืม

รายการใกล้เคียง
    ผู้แต่ง [คณาทัต จันทร์ศิริ]

    หัวเรื่อง [ปฐมพยาบาล]
    หัวเรื่อง [ผู้ป่วย]

BibComment


ยังไม่เคยถูกคอมเมนท์

คอมเมนท์ทรัพยากรรายการนี้
  คอมเมนท์: วินาทีชีวิต คู่ม..


 Copyright 2026. Bcnsprnw @Library